| 000 | 00511cam a2200193ua 4500 | ||
|---|---|---|---|
| 020 | _c8.00 | ||
| 041 |
_amal _h |
||
| 082 |
_a954.01 _bMAJ/BH |
||
| 100 | _aMajumdar, R C. | ||
| 245 |
_aBharatha brihadcharitam, Vol 1 / _cR C Majumdar. _hTextual Documents |
||
| 260 |
_aThiruvananthapuram : _bState Instititute of Languages , _c1970. |
||
| 300 | _a305 ; . | ||
| 365 | _a8.00 | ||
| 504 | _a | ||
| 700 | 1 | _aDatta, Kali Kinkar . | |
| 700 | 1 | _aRaychaudhari, H C . | |
| 942 | _cBK | ||
| 999 |
_c4550 _d4550 |
||